000 02160nam0a2200349 4500
001 RU\NLR\bibl\401710
005 20260409072832.0
010 _a5-85879-054-5
_9500
021 _aRU
_b2003-13325
_9613
035 _a(NLR Aleph) 000395866
090 _a544536
_c544536
100 _a20030522d2002 |||y0rusy50 ca
101 0 _arus
102 _aRU
105 _aach |||||||||
200 1 _aОсновы теории физического воспитания
_dPhysical training theory
_eУчеб. пособие
_fЛ.А. Белоусова, А.Г. Гмырин, С.А. Самодов
_gМ-во образования Рос. Федерации, Междунар. "Лига развития науки и образования" (Россия), Междунар. ассоц. развития науки, образования и культуры России (Италия), Междунар. "Ин-т управления"
_zeng
210 _aМ.
_aАрхангельск
_cМеждунар. "Ин-т управления"
_d2002
215 _a128 с.
_cил., факс., портр.
_d20
300 _aАвт. также на англ. яз.: L.A. Belousova, A.G. Gmyrin, S.A. Samodov
320 _aБиблиогр.: с. 62 (9 назв.)
510 0 _aPhysical training theory
_zrus
606 _aФизическая культура и спорт
_xТеория
_jУчебные издания для высшей школы
_3RU\NLR\auth\661129118
_91849073
606 _aФизическая культура и спорт
_xТеория
_jРуководства, пособия и т.п. для высшей школы
_3RU\NLR\auth\661129118
_91849073
686 _aЧ511.0я73
700 1 _4070
_8rus
_7ca
_aБелоусова
_bЛ. А.
_f1950-
_gЛюбовь Афанасьевна
_3RU\NLR\auth\77114542
_997467
701 1 _aГмырин
_bА. Г.
_f1965-2001
_gАлексей Григорьевич
_4070
701 1 _4070
_8rus
_7ca
_aСамодов
_bС. А.
_f1951-
_gСергей Александрович
_3RU\NLR\auth\77114540
_997465
801 0 _aRU
_bNLR
_c20030522
_gPSBO
801 1 _aRU
_bNLR
_c20030522
942 _cBOOK
980 _aNB